Loading...
| Science - Chemistry | 3 | 0 | 0 | 0 | 45 | 47 | 55.33 | 2 | 3 |
| History - European History | 1 | 2 | 1 | 0 | 30 | 39 | 74.00 | 2 | 3 |
| Literature - British Literature | 1 | 1 | 0 | 0 | 25 | 90 | 95.50 | 1 | 2 |
| Philosophy | 1 | 1 | 0 | 0 | 25 | 89 | 105.50 | 2 | 2 |
| Science - Other Science | 0 | 2 | 0 | 0 | 20 | 78 | 88.00 | 2 | 2 |
| Religion | 0 | 2 | 1 | 0 | 15 | 77 | 93.00 | 1 | 2 |
| History - Other History | 1 | 0 | 0 | 0 | 15 | 71 | 71.00 | 1 | 1 |
| Science - Physics | 0 | 1 | 0 | 1 | 10 | 105 | 105.00 | 0 | 1 |
| Literature - American Literature | 0 | 1 | 0 | 0 | 10 | 127 | 127.00 | 0 | 1 |
| Literature - World Literature | 0 | 1 | 0 | 0 | 10 | 81 | 81.00 | 0 | 1 |
| Science - Biology | 0 | 0 | 1 | 0 | -5 | 0.00 | 0 | 0 | |
| Current Events | 0 | 0 | 1 | 0 | -5 | 0.00 | 0 | 0 |